000
00282nam a2200133Ia 4500
100
_a
Kilburn/W.L
942
_c
BK
654
_a
copper
245
_a
Copper and Bronze Welding
260
_b
British Oxygen co.
_a
London
082
_a
621.9
_b
KIL
300
_a
156
546
_a
ENGLISH
999
_c
32923
_d
32923